| 000 | 01247nam a2200301 a 4500 | ||
|---|---|---|---|
| 003 | BLK | ||
| 005 | 20250611115214.0 | ||
| 008 | 180409b bul|||||r ||||||| ||bul|| | ||
| 020 | _a9786191996520 | ||
| 020 |
_a3800083829225! _qотпеч. |
||
| 040 | _aBLK | ||
| 041 |
_aBUL _cBUL |
||
| 080 |
_aБелгийска литература _b821.133.1(493) _x-93-34 _z821.133.1(493)-93-34 |
||
| 084 | _aА 80 | ||
| 245 | 1 | 0 |
_aАрчи има рожден ден _cил. Сара Санчес; прев. от фр. Веселина Тонева. |
| 257 | _aCAN | ||
| 260 |
_aСофия _bФют _c2021 _fКитай |
||
| 300 |
_a[10] с. _bс цв. ил. _c18x18 см |
||
| 380 | _aDX | ||
| 500 | _aКор. опис. - Ориг. загл.: Arthur fête son anniversaire. - Кн. отпеч. на ламиниран картон. | ||
| 700 |
_aТонева, Веселина Костадинова _eпрев. от фр. _91177 |
||
| 700 |
_aСанчес, Сара _eил. _9474393 |
||
| 852 |
_aЦб I 41086 _bЦб _c821-93/А 80 |
||
| 942 |
_cKNG _n0 _s1 _011 |
||
| 944 |
_aCR _c2022-05-13 _k30551 _lБояна Костадинова |
||
| 944 |
_aED _c2023-12-28 _kСевдалина Тодорова |
||
| 999 |
_c455747 _d455747 |
||